Top 100 mejores jugadores 2024/25 - Estadísticas

Estadísticas generales
  • Esta prueba ha sido intentada 182 veces
  • La puntuación promedio es 47 de 100
Estadísticas de respuestas
# Equipo Jugador % Correcto
1 Barcelona Lamine Yamal
98%
3 Paris Saint-Germain Vitinha
97%
5 Real Madrid Kylian Mbappé
95%
6 Barcelona Pedri
95%
2 Paris Saint-Germain Ousmane Dembélé
93%
7 Liverpool Mohamed Salah
92%
13 Bayern Munich Harry Kane
87%
4 Barcelona Raphinha
87%
25 Real Madrid Vinicius Jr.
87%
8 Paris Saint-Germain Achraf Hakimi
86%
14 Chelsea Cole Palmer
83%
30 Al-Nassr Cristiano Ronaldo
83%
16 Atlético de Madrid Julián Álvarez
83%
12 Sporting CP Viktor Gyokeres
82%
15 Inter Milán Lautaro Martínez
81%
49 Inter Miami Leo Messi
80%
18 Barcelona Robert Lewandowski
80%
11 Paris Saint-Germain Désiré Doué
78%
9 Paris Saint-Germain Nuno Mendes
77%
47 Real Madrid Thibaut Courtois
75%
24 Bayer Leverkusen Florian Wirtz
71%
34 Athletic Club Nico Williams
71%
37 Arsenal Bukayo Saka
69%
10 Paris Saint-Germain Donnarumma
68%
41 Real Madrid Jude Bellingham
68%
21 Real Madrid Federico Valverde
67%
40 Manchester City Erling Haaland
66%
36 Barcelona Pau Cubarsí
66%
27 Liverpool Virgil Van Dijk
66%
38 Betis Antony
65%
17 Paris Saint-Germain Fabián Ruíz
64%
20 Arsenal Declan Rice
63%
22 Betis Isco
63%
35 Barcelona Jules Koundé
63%
33 Newcastle Alexander Isak
62%
39 Paris Saint-Germain William Pacho
61%
63 Al-Ittihad Karim Benzema
59%
62 Bayern Munich Joshua Kimmich
57%
53 Atlético de Madrid Jan Oblak
56%
69 Barcelona Alejandro Balde
55%
57 Barcelona Iñigo Martínez
55%
23 Paris Saint-Germain Joao Neves
55%
32 Bayern Munich Michael Olise
55%
68 Como Nico Paz
55%
19 Nápoles Scott McTominay
55%
45 Espanyol Joan García
54%
44 Arsenal William Saliba
51%
29 Inter Milán Alessandro Bastoni
50%
28 Bayern Munich Jamal Musiala
50%
31 Inter Milán Yann Sommer
50%
43 Bournemouth Dean Huijsen
49%
50 Real Madrid Luka Modric
49%
58 Osasuna Ante Budimir
47%
56 Manchester United Bruno Fernandes
46%
26 Inter Milán Denzel Dumfries
46%
42 Liverpool Luis Díaz
45%
48 Inter Milán Marcus Thuram
45%
71 Galatasaray Victor Osimhen
43%
51 Nápoles Romelu Lukaku
37%
55 Villarreal Álex Baena
36%
74 Athletic Club Oihan Sancet
36%
61 Chelsea Moisés Caicedo
35%
64 Borussia Dortmund Serhou Guirassy
35%
67 Liverpool Alexander-Arnold
34%
46 Olympique Lyon Rayan Cherki
32%
91 Crystal Palace Eberiche Eze
30%
84 Eintracht Frankfurt Hugo Ekitiké
30%
65 Olympique Marsella Mason Greenwood
30%
82 Newcastle Bruno Guimaraes
29%
92 Brentford Bryan Mbeumo
29%
66 Liverpool Ryan Gravenberch
29%
59 Villarreal Ayoze Pérez
26%
72 Inter Milán Francesco Acerbi
26%
77 Las Palmas Fabio Silva
25%
60 Atlético de Madrid Rodrigo De Paul
23%
73 Wolves Matheus Cunha
22%
75 Benfica Álvaro Carreras
21%
83 Benfica Vangelis Pavlidis
20%
89 Celta de Vigo Óscar Mingueza
18%
52 AC Milan Tijjani Reijnders
18%
78 Fiorentina Moise Kean
17%
70 Manchester City Omar Marmoush
17%
95 Fiorentina David De Gea
16%
54 Atalanta Mateo Retegui
15%
79 Tottenham Hotspur Pedro Porro
13%
76 Sporting CP Francisco Trincao
12%
80 Al-Ahli Riyad Mahrez
11%
86 Basilea Xherdan Shaqiri
9%
88 Estrasburgo Andrey Santos
8%
81 PSV Ivan Perisic
8%
93 Twente Sem Steijn
8%
97 Manchester United Amad Diallo
7%
90 Nápoles Amir Rrahmani
7%
98 Bodo/Glimt Kasper Hogh
7%
87 Monaco Mika Biereth
6%
94 Roma Mile Svilar
6%
85 Nottingham Forest Murillo
6%
100 Eagles Oliver Antman
6%
99 Celtic Daizen Maeda
5%
96 Brentford Mark Flekken
5%
No se encontraron pruebas coincidentes
Distribución de puntuación
Porcentaje de gente con cada puntuación
Porcentaje por número respondido
Historial de tus puntuaciones
No has intentado esta prueba.